[Event "Collado Villalba op 40th"]
[Site "Collado Villalba"]
[Date "2023.08.22"]
[Round "1"]
[White "Marsal Pla, Jaime"]
[Black "Benitez Cadenas, Luis Miguel"]
[Result "1-0"]
[WhiteElo "1184"]
[BlackElo "1472"]
[PlyCount "169"]
[EventDate "2023.08.22"]
[EventType "swiss"]
[EventRounds "9"]
[EventCountry "ESP"]
[SourceTitle "CBM 216 Extra"]
[Source "ChessBase"]
[SourceDate "2023.11.30"]
[SourceVersion "1"]
[SourceVersionDate "2023.11.30"]
[SourceQuality "1"]

1. b3 e5 2. Bb2 Nc6 3. e3 Bb4 4. f4 d6 5. Bb5 Qh4+ 6. g3 Qe7 7. Nf3 Bg4 8. 0-0 f6 9. Be2 h5 10. Nh4 Bxe2 11. Qxe2 Qd7 12. f5 Nge7 13. e4 0-0-0 14. a3 Bc5+ 15. Kh1 d5 16. b4 Bb6 17. d3 dxe4 18. dxe4 Bd4 19. c3 Bb6 20. a4 a6 21. Bc1 Kb8 22. b5 axb5 23. axb5 Na7 24. Na3 Qd3 25. Qe1 Nxb5 26. Nxb5 Qxb5 27. Be3 Rd3 28. Bxb6 Qxb6 29. Rf2 Rhd8 30. Rfa2 c6 31. c4 Kc7 32. Kg2 Qe3 33. Re2 Qb6 34. Rb1 Rb3 35. Ra1 Rb2 36. Kh3 Rxe2 37. Qxe2 Qd4 38. Rb1 Qd2 39. Qf1 Rd4 40. Nf3 Qd3 41. Nxd4 Qxd4 42. Qe2 Nc8 43. Rc1 Qc5 44. Qd3 Kb8 45. Rb1 Kc7 46. Qb3 b6 47. Qd3 Qd4 48. Qe2 Nd6 49. c5 Qxc5 50. Qxh5 b5 51. Qg4 Ne8 52. Qg6 Qe7 53. Qg4 Kb6 54. Qe2 Nc7 55. Qe3+ c5 56. Qd3 Qf8 57. Rd1 Qb8 58. Rc1 b4 59. Qe3 Na6 60. Qb3 Qc7 61. Qe6+ Qc6 62. Qc4 Nc7 63. Rd1 Nb5 64. Ra1 Qd6 65. Qg8 Qc7 66. Qe6+ Nd6 67. Rd1 Kc6 68. Qd5+ Kb6 69. Qe6 Kc6 70. Kg4 Qd7 71. Qd5+ Kb6 72. Qxd6+ Qxd6 73. Rxd6+ Kb5 74. Rd7 b3 75. Rxg7 c4 76. Rb7+ Kc5 77. Kf3 Kd4 78. h4 Kc3 79. h5 Kc2 80. h6 c3 81. h7 b2 82. h8Q b1Q 83. Rxb1 Kxb1 84. Qh1+ Kc2 85. Ke2 1-0

[Event "Madrid San Viator op-B 31st"]
[Site "Madrid"]
[Date "2019.10.27"]
[Round "7"]
[White "Benitez Cadenas, Luis Miguel"]
[Black "Gallego Romero, Manuel"]
[Result "1-0"]
[WhiteElo "1535"]
[BlackElo "1421"]
[PlyCount "107"]
[EventDate "2019.09.08"]
[EventType "swiss"]
[EventRounds "9"]
[EventCountry "ESP"]
[SourceTitle "EXT 2022"]
[Source "ChessBase"]
[SourceDate "2021.10.06"]
[SourceVersion "1"]
[SourceVersionDate "2021.10.06"]
[SourceQuality "1"]

1. d4 d5 2. Bf4 Bf5 3. c4 e6 4. Nc3 c6 5. Qb3 Qb6 6. c5 Qxb3 7. axb3 Nd7 8. Nf3 h6 9. e3 Ngf6 10. h3 Be7 11. b4 0-0 12. b5 Rfc8 13. bxc6 bxc6 14. Ba6 Rf8 15. Bb7 Rfc8 16. Ke2 Ne4 17. Bxc8 Rxc8 18. Rxa7 Ndf6 19. g4 Bh7 20. Rha1 Kf8 21. Ra8 Re8 22. Rxe8+ Nxe8 23. Ra6 g5 24. Bg3 N4f6 25. Rxc6 h5 26. gxh5 Nxh5 27. Bh2 Bf5 28. Rc8 e5 29. Ra8 e4 30. Ne5 Nhf6 31. Nc6 Bxh3 32. Ra7 Bd7 33. Nxe7 Kxe7 34. c6 Ke6 35. cxd7 Nxd7 36. Ra6+ Kf5 37. Nxd5 Kg4 38. Ra7 Kh3 39. Bg3 Ndf6 40. Nxf6 Nxf6 41. Rxf7 Nd5 42. Rf5 Nb4 43. Rxg5 Nd3 44. d5 Nc1+ 45. Kf1 Nb3 46. d6 Nd2+ 47. Ke2 Nf3 48. Rg7 Ng1+ 49. Kd1 Kg2 50. Bf4+ Kxf2 51. Rxg1 Kf3 52. d7 Kf2 53. Rg8 Kf1 54. d8Q 1-0

[Event "Alcorcon Spring op-B 1st"]
[Site "Alcorcon"]
[Date "2019.04.07"]
[Round "3"]
[White "Benitez Cadenas, Luis Miguel"]
[Black "Callejas Torres, Alejandro"]
[Result "0-1"]
[WhiteElo "1581"]
[BlackElo "1739"]
[PlyCount "58"]
[EventDate "2019.03.24"]
[EventType "swiss"]
[EventRounds "9"]
[EventCountry "ESP"]
[SourceTitle "EXT 2020"]
[Source "ChessBase"]
[SourceDate "2019.10.17"]
[SourceVersion "1"]
[SourceVersionDate "2019.10.17"]
[SourceQuality "1"]

1. d4 Nf6 2. Nf3 d5 3. c4 e6 4. cxd5 exd5 5. Bg5 Bb4+ 6. Nc3 h6 7. Bxf6 Qxf6 8. Qa4+ Nc6 9. Ne5 0-0 10. Nxc6 Bxc3+ 11. bxc3 bxc6 12. e3 Bf5 13. Be2 Rfb8 14. 0-0 Rb2 15. Bf3 Bd3 16. Rfc1 g5 17. Qd1 Qf5 18. g4 Qf6 19. Qxd3 Qxf3 20. Qf5 Rxf2 21. Qxf3 Rxf3 22. Rab1 Re8 23. Rb7 Rexe3 24. Rxa7 Rxc3 25. Re1 Rf4 26. Rxc7 Rxg4+ 27. Kh1 Rxd4 28. Re8+ Kg7 29. Rcc8 Rd2 0-1

[Event "Madrid San Viator op-B 30th"]
[Site "Madrid"]
[Date "2018.05.20"]
[Round "6"]
[White "Benitez Cadenas, Luis Miguel"]
[Black "Moreno Gallardo, Sergio"]
[Result "1-0"]
[WhiteElo "1555"]
[BlackElo "1181"]
[PlyCount "81"]
[EventDate "2018.04.08"]
[EventType "swiss"]
[EventRounds "9"]
[EventCountry "ESP"]
[SourceTitle "EXT 2019"]
[Source "ChessBase"]
[SourceDate "2018.10.10"]
[SourceVersion "1"]
[SourceVersionDate "2018.10.10"]
[SourceQuality "1"]

1. d4 d5 2. Nf3 Nf6 3. g3 e6 4. Bg2 Nbd7 5. 0-0 c5 6. c4 cxd4 7. Nxd4 Nb6 8. cxd5 Nbxd5 9. Bg5 h6 10. Bd2 Bc5 11. Nb3 Be7 12. e4 Nb6 13. Qc2 Bd7 14. Nc3 Bc6 15. Rad1 Qc7 16. Nb5 Qe5 17. Nc3 Qc7 18. Nd4 Rd8 19. Ncb5 Qd7 20. Nxc6 bxc6 21. Bxh6 Nfd5 22. Bxg7 Rg8 23. exd5 cxd5 24. Nc7+ Qxc7 25. Qxc7 Rxg7 26. Qxa7 Nc4 27. b3 Nd6 28. Rc1 f6 29. Rc7 Nc8 30. Qb7 Nd6 31. Qa7 Nc8 32. Qa4+ Kf8 33. Rfc1 Nd6 34. Rd7 Re8 35. b4 Rg4 36. Qb3 Nb5 37. a3 Nd4 38. Qe3 Bxb4 39. Qh6+ Kg8 40. Qh7+ Kf8 41. Qf7# 1-0

[Event "Madrid San Viator op-B 30th"]
[Site "Madrid"]
[Date "2018.04.15"]
[Round "2"]
[White "Aranda Perez, Ivan"]
[Black "Benitez Cadenas, Luis Miguel"]
[Result "0-1"]
[WhiteElo "1402"]
[BlackElo "1555"]
[PlyCount "80"]
[EventDate "2018.04.08"]
[EventType "swiss"]
[EventRounds "9"]
[EventCountry "ESP"]
[SourceTitle "EXT 2019"]
[Source "ChessBase"]
[SourceDate "2018.10.10"]
[SourceVersion "1"]
[SourceVersionDate "2018.10.10"]
[SourceQuality "1"]

1. e4 e6 2. d4 d5 3. Nd2 Nf6 4. e5 Nfd7 5. Ngf3 c5 6. c3 Nc6 7. a4 Qb6 8. Qb3 c4 9. Qxb6 axb6 10. b3 b5 11. Bb2 Nb6 12. axb5 Rxa1+ 13. Bxa1 Na5 14. b4 Nb3 15. Nxb3 cxb3 16. Nd2 Bd7 17. Nxb3 Nc4 18. Bxc4 dxc4 19. Na5 Bxb5 20. Nxb7 Bc6 21. Na5 Bxg2 22. Rg1 Bd5 23. Kd2 g6 24. Bb2 Bh6+ 25. Kd1 Bf4 26. h3 Kd7 27. Bc1 Bh2 28. Re1 h6 29. h4 Ke7 30. Ke2 f6 31. exf6+ Kxf6 32. Be3 Kf5 33. Rb1 Kg4 34. b5 Kxh4 35. Nc6 Kg4 36. Ne7 Be4 37. Nc6 Bxb1 38. Nb4 h5 39. f3+ Kg3 40. Bf2+ Kg2 0-1

[Event "Madrid San Viator op-B 29th"]
[Site "Madrid"]
[Date "2017.11.12"]
[Round "9"]
[White "Benitez Cadenas, Luis Miguel"]
[Black "Serrano Ruiz, Lope"]
[Result "0-1"]
[WhiteElo "1584"]
[BlackElo "1521"]
[PlyCount "108"]
[EventDate "2017.09.17"]
[EventType "swiss"]
[EventRounds "9"]
[EventCountry "ESP"]
[SourceTitle "EXT 2019"]
[Source "ChessBase"]
[SourceDate "2018.10.10"]
[SourceVersion "1"]
[SourceVersionDate "2018.10.10"]
[SourceQuality "1"]

1. d4 d5 2. Nf3 Nc6 3. g3 Bf5 4. Bg2 Qd7 5. 0-0 f6 6. Re1 Nb4 7. Na3 Qa4 8. b3 Qc6 9. c4 e6 10. Nd2 0-0-0 11. Nf1 h5 12. Ne3 Ne7 13. Qd2 a5 14. Bb2 Be4 15. f3 Bg6 16. cxd5 Nexd5 17. Rec1 Qa6 18. Nac4 h4 19. a3 Nc6 20. b4 axb4 21. axb4 Bxb4 22. Rxa6 Bxd2 23. Ra8+ Kd7 24. Rxd8+ Nxd8 25. Nxd2 Nxe3 26. Rc3 Nxg2 27. Kxg2 h3+ 28. Kf2 Nc6 29. Nb3 b6 30. e4 Ra8 31. Rd3 Ra2 32. Rd2 Nb4 33. Nc1 Ra4 34. Ne2 Ra2 35. Ke3 Kc6 36. Nf4 Bf7 37. Nxh3 Kb5 38. Nf4 Kc4 39. Ne2 b5 40. f4 Bh5 41. Nc1 Ra4 42. h3 Ra8 43. g4 Bf7 44. Rh2 Rd8 45. h4 c5 46. dxc5 Kxc5 47. g5 fxg5 48. fxg5 g6 49. Rf2 Rd7 50. Be5 Nc6 51. Bb2 b4 52. Rc2+ Kb5 53. Nb3 e5 54. Rc5+ Kb6 0-1

[Event "Madrid-ch Previa-B"]
[Site "Madrid"]
[Date "2017.02.17"]
[Round "6"]
[White "Rodriguez Bernal, Herman"]
[Black "Benitez Cadenas, Luis Miguel"]
[Result "1-0"]
[WhiteElo "1781"]
[BlackElo "1572"]
[PlyCount "69"]
[EventDate "2017.02.02"]
[EventType "swiss"]
[EventRounds "9"]
[EventCountry "ESP"]
[SourceTitle "EXT 2018"]
[Source "ChessBase"]
[SourceDate "2017.10.13"]
[SourceVersion "1"]
[SourceVersionDate "2017.10.13"]
[SourceQuality "1"]

1. d4 d5 2. c4 e6 3. Nc3 Nf6 4. Bg5 Be7 5. e3 h6 6. Bxf6 Bxf6 7. Nf3 0-0 8. Qc2 b6 9. cxd5 exd5 10. Bd3 Be6 11. 0-0-0 Nd7 12. h4 c5 13. Bf5 Qe7 14. g4 cxd4 15. exd4 g6 16. Bxe6 Qxe6 17. g5 Bg7 18. Rhe1 Qd6 19. Kb1 Qf4 20. Re3 Rfc8 21. Qd3 Qd6 22. Qb5 Rc4 23. Nxd5 Rcc8 24. Ne7+ Kf8 25. Nxc8 Rxc8 26. Rc3 Rd8 27. a3 Nc5 28. Re1 a6 29. dxc5 axb5 30. cxd6 Bxc3 31. bxc3 hxg5 32. hxg5 Rxd6 33. Nd4 Rd5 34. f4 Rf5 35. Nxf5 1-0

[Event "Madrid-ch Seniors 50"]
[Site "Madrid"]
[Date "2017.01.13"]
[Round "5"]
[White "Benitez Cadenas, Luis Miguel"]
[Black "Hernandez Gutierrez, Jose"]
[Result "0-1"]
[WhiteElo "1595"]
[BlackElo "1816"]
[PlyCount "30"]
[EventDate "2017.01.09"]
[EventType "swiss"]
[EventRounds "9"]
[EventCountry "ESP"]
[SourceTitle "CBM 176 Extra"]
[Source "ChessBase"]
[SourceDate "2017.03.02"]
[SourceVersion "1"]
[SourceVersionDate "2017.03.02"]
[SourceQuality "1"]

1. d4 d5 2. c4 e6 3. cxd5 exd5 4. Nc3 Nf6 5. Bg5 c6 6. e3 Bf5 7. Nf3 Be7 8. Bd3 Bxd3 9. Qxd3 0-0 10. 0-0 Nbd7 11. b4 Bxb4 12. Rab1 Bxc3 13. Qxc3 Ne4 14. Rxb7 Nxc3 15. Bxd8 Rfxd8 0-1

[Event "Madrid San Viator op-B 27th"]
[Site "Madrid"]
[Date "2016.10.12"]
[Round "4"]
[White "Alcojor Patilla, Antonio"]
[Black "Benitez Cadenas, Luis Miguel"]
[Result "0-1"]
[WhiteElo "1521"]
[BlackElo "1645"]
[PlyCount "82"]
[EventDate "2016.09.25"]
[EventType "swiss"]
[EventRounds "9"]
[EventCountry "ESP"]
[SourceTitle "EXT 2017"]
[Source "ChessBase"]
[SourceDate "2016.10.25"]
[SourceVersion "1"]
[SourceVersionDate "2016.10.25"]
[SourceQuality "1"]

1. e4 e6 2. d4 d5 3. e5 c5 4. f4 Nc6 5. Nf3 Qb6 6. c3 Nh6 7. h3 Nf5 8. g4 Ng3 9. Rh2 Nxf1 10. Kxf1 Bd7 11. Qb3 Qa6+ 12. Kg1 Rc8 13. Be3 Qd3 14. c4 Qxc4 15. Qxc4 dxc4 16. Nc3 cxd4 17. Nxd4 Nxd4 18. Bxd4 Bc5 19. Rd1 Ke7 20. Rhd2 Rhd8 21. Ne4 Bxd4+ 22. Rxd4 Ba4 23. R1d2 Rxd4 24. Rxd4 b5 25. Kf2 Bc2 26. Nd6 Rc5 27. Ke3 Bb1 28. a4 a6 29. Kd2 f6 30. axb5 axb5 31. Nb7 Rd5 32. Kc3 fxe5 33. Rxd5 exd5 34. fxe5 b4+ 35. Kd4 Ke6 36. Nc5+ Ke7 37. Kxd5 c3 38. bxc3 bxc3 39. Nb3 Ba2 40. Kc4 c2 41. Kc3 Bxb3 0-1

[Event "Madrid San Viator op-B 26th"]
[Site "Madrid"]
[Date "2016.04.17"]
[Round "3"]
[White "Benitez Cadenas, Luis Miguel"]
[Black "Lopez Valenciano, Rafael"]
[Result "1-0"]
[WhiteElo "1663"]
[BlackElo "1505"]
[PlyCount "100"]
[EventDate "2016.04.03"]
[EventType "swiss"]
[EventRounds "9"]
[EventCountry "ESP"]
[SourceTitle "EXT 2017"]
[Source "ChessBase"]
[SourceDate "2016.10.25"]
[SourceVersion "1"]
[SourceVersionDate "2016.10.25"]
[SourceQuality "1"]

1. d4 Nf6 2. c4 c5 3. d5 b5 4. cxb5 a6 5. bxa6 g6 6. Nc3 Bxa6 7. e4 Bxf1 8. Kxf1 d6 9. Nf3 Bg7 10. Rb1 0-0 11. g3 Qb6 12. Nd2 Nfd7 13. Nc4 Qa6 14. Qe2 Bxc3 15. bxc3 Qxa2 16. Rb2 Qa1 17. Kg2 Qa6 18. Bh6 Re8 19. Rhb1 Nf6 20. Rb5 Qa4 21. Nb6 Qa6 22. Nxa8 Qxa8 23. f3 Nbd7 24. Qb2 e6 25. Ra1 Qd8 26. c4 exd5 27. cxd5 Qe7 28. Ra7 Qe5 29. Qxe5 Nxe5 30. Rbb7 Rc8 31. Bf4 Ned7 32. Bg5 c4 33. Bxf6 Nxf6 34. Rc7 Rxc7 35. Rxc7 Ne8 36. Rxc4 Kf8 37. f4 f6 38. Rb4 h5 39. Kh3 Kg7 40. Rb7+ Kg8 41. g4 hxg4+ 42. Kxg4 Kf8 43. h4 Ng7 44. Rxg7 Kxg7 45. f5 g5 46. hxg5 Kf7 47. g6+ Kg7 48. Kh5 Kh8 49. Kh6 Kg8 50. g7 Kf7 1-0

[Event "Madrid San Viator op 23rd"]
[Site "Madrid"]
[Date "2014.11.02"]
[Round "6"]
[White "Aguilera Lopez, Alejandro"]
[Black "Benitez Cadenas, Luis Miguel"]
[Result "1/2-1/2"]
[WhiteElo "1867"]
[BlackElo "1638"]
[PlyCount "88"]
[EventDate "2014.09.28"]
[EventType "swiss"]
[EventRounds "9"]
[EventCountry "ESP"]
[SourceTitle "EXT 2016"]
[Source "ChessBase"]
[SourceDate "2015.10.08"]
[SourceVersion "1"]
[SourceVersionDate "2015.10.08"]
[SourceQuality "1"]

1. d4 d5 2. Nf3 Nf6 3. e3 e6 4. Bd3 c5 5. b3 Nbd7 6. 0-0 Be7 7. Bb2 b6 8. Nbd2 Bb7 9. a4 0-0 10. Ne5 Rc8 11. f4 Ne4 12. Nxe4 dxe4 13. Bc4 Nxe5 14. dxe5 Qxd1 15. Raxd1 Rcd8 16. g4 Rxd1 17. Rxd1 Rd8 18. Rxd8+ Bxd8 19. Kf2 g6 20. Ke2 Bh4 21. Ba3 Bc6 22. Kd2 h6 23. Bb5 Bb7 24. b4 Be7 25. Kc3 Bd5 26. bxc5 bxc5 27. a5 f6 28. Kb2 fxe5 29. fxe5 Kf7 30. c4 Bb7 31. a6 Bc8 32. Kc3 g5 33. h3 Kf8 34. Kb3 Kf7 35. Kc2 Kg6 36. Kb3 h5 37. Ka4 hxg4 38. hxg4 Kf7 39. Kb3 Kg8 40. Bb2 Kf7 41. Bc3 Bd8 42. Ka4 Bc7 43. Bb2 Ke7 44. Bc3 Bb6 1/2-1/2